00562nam a2200157Ia 4500008004100000041001200041082001100053100002400064245005500088260004900143300000800192650001200200942000700212999001500219952017000234221030s9999 xx 000 0 und d aEnglish a105.23 aBrilliant Tutorials 0aGeneral Ability Test SET 3cby Brilliant Tutorials bBrilliant Tutorials Pvt. Ltd.aChennaic2002 a190 aGeneral cBK c9325d9325 pBE 10932l0o105.23 eGiftedr2024-06-13 00:00:00w2022-10-30yBK003Print4070aMIETLIBbMIETLIBcBL-Academic Block C, FL-2, CUP-121, SH-6, R-6d2010-11-1310HBE